[Event "Titled Tuesday intern op 27th Aug Early"]
[Site "Chess.com INT"]
[Date "2024.08.27"]
[Round "9"]
[White "Yang, Kaiqi"]
[Black "Kislov, Oleg"]
[Result "0-1"]
[WhiteElo "2481"]
[BlackElo "2206"]
[PlyCount "110"]
[GameId "2107989759352707"]
[EventDate "2024.08.27"]
[EventType "swiss (blitz)"]
[EventRounds "11"]
[EventCountry "USA"]
[SourceTitle "EXT 2025"]
[Source "ChessBase"]
[SourceDate "2024.10.14"]
[SourceVersion "1"]
[SourceVersionDate "2024.10.14"]
[SourceQuality "1"]

1. e4 c5 2. Nf3 Nc6 3. Bb5 g6 4. Bxc6 dxc6 5. d3 Bg4 6. h3 Bxf3 7. Qxf3 e5 8. Be3 f6 9. Nd2 Nh6 10. Qe2 Nf7 11. O-O Bd6 12. Nc4 b6 13. f4 Qe7 14. a4 O-O 15. a5 b5 16. Nxd6 Qxd6 17. fxe5 Nxe5 18. Qf2 Nd7 19. Kh1 a6 20. Rad1 Rae8 21. Qh4 Re6 22. Rf2 Rf7 23. Rdf1 Qe5 24. b3 c4 25. bxc4 bxc4 26. Bd2 cxd3 27. cxd3 Qd4 28. Qg3 Ne5 29. Be3 Qxd3 30. Rd2 Qxe4 31. Bh6 Re8 32. Rfd1 Rfe7 33. Rd8 Kf7 34. Qb3+ Qc4 35. Qb8 g5 36. Qd6 Qe6 37. Qd2 Kg6 38. Bf8 Rxd8 39. Qxd8 Rd7 40. Rxd7 Qxd7 41. Qb8 Qd1+ 42. Kh2 Qe2 43. Bd6 Nf3+ 44. Kg3 Nh4 45. Qg8+ Kf5 46. Qc8+ Ke4 47. Qe6+ Kd3 48. Qb3+ Kd2 49. Bb4+ Kc1 50. Ba3+ Kd2 51. Bb4+ Kc1 52. Qc3+ Qc2 53. Ba3+ Kb1 54. Qe1+ Ka2 55. Be7 Qxg2# 0-1

[Event "Titled Tuesday intern op 27th Aug Late"]
[Site "Chess.com INT"]
[Date "2024.08.27"]
[Round "1"]
[White "Flores Mirabal, Nancy"]
[Black "Yang, Kaiqi"]
[Result "0-1"]
[WhiteElo "1974"]
[BlackElo "2481"]
[PlyCount "124"]
[GameId "2107989759365484"]
[EventDate "2024.08.27"]
[EventType "swiss (blitz)"]
[EventRounds "11"]
[EventCountry "USA"]
[SourceTitle "EXT 2025"]
[Source "ChessBase"]
[SourceDate "2024.10.14"]
[SourceVersion "1"]
[SourceVersionDate "2024.10.14"]
[SourceQuality "1"]

1. g3 c6 2. c4 d5 3. Bg2 Nf6 4. Nf3 Bg4 5. Ne5 Bf5 6. b3 Nbd7 7. Bb2 Nxe5 8. Bxe5 e6 9. O-O Bd6 10. Bb2 O-O 11. d3 a5 12. Nd2 Bg6 13. e4 dxe4 14. dxe4 Bb4 15. e5 Nd7 16. Ne4 Nc5 17. Nd6 Nd3 18. Qe2 Bxd6 19. exd6 Nxb2 20. Qxb2 Qxd6 21. Rad1 Qe7 22. Rd2 Rfd8 23. Rfd1 h6 24. Qc3 Rxd2 25. Rxd2 a4 26. b4 a3 27. c5 Qg5 28. f4 Qf5 29. b5 Qb1+ 30. Kf2 Qxb5 31. Bf1 Qa5 32. Qd4 Kh7 33. g4 Qa4 34. Bc4 Qb4 35. Kg3 Ra4 36. f5 exf5 37. gxf5 Bxf5 38. Qe5 Bg6 39. Bb3 Qh4+ 40. Kg2 Rg4+ 41. Kf1 Qh3+ 42. Ke1 Re4+ 43. Qxe4 Bxe4 44. Re2 Qc3+ 45. Kf2 Qf3+ 46. Ke1 Bd3 47. Re8 Qg2 48. Bxf7 Qg1+ 49. Kd2 Qf2+ 50. Kxd3 Qxf7 51. Re2 Qd5+ 52. Ke3 Qxc5+ 53. Kf3 b5 54. Re4 b4 55. h4 Qd5 56. Ke3 Qxa2 57. Rxb4 Qe6+ 58. Kd3 Qd6+ 59. Kc3 a2 60. Ra4 Qg3+ 61. Kb2 Qf2+ 62. Ka1 Qc2 0-1

[Event "Titled Tuesday intern op 27th Aug Late"]
[Site "Chess.com INT"]
[Date "2024.08.27"]
[Round "3"]
[White "Yang, Kaiqi"]
[Black "Spichkin, Alexander"]
[Result "1-0"]
[WhiteElo "2481"]
[BlackElo "2035"]
[PlyCount "77"]
[GameId "2107989759390676"]
[EventDate "2024.08.27"]
[EventType "swiss (blitz)"]
[EventRounds "11"]
[EventCountry "USA"]
[SourceTitle "EXT 2025"]
[Source "ChessBase"]
[SourceDate "2024.10.14"]
[SourceVersion "1"]
[SourceVersionDate "2024.10.14"]
[SourceQuality "1"]

1. e4 e5 2. Nf3 d5 3. exd5 e4 4. Qe2 Nf6 5. Nc3 Be7 6. Nxe4 Nxd5 7. g3 O-O 8. Bg2 Nc6 9. O-O Bg4 10. Nc3 Ndb4 11. Qe4 Bh5 12. d3 Nxc2 13. Rb1 Bg6 14. Qd5 Bxd3 15. Rd1 N2b4 16. Qxd8 Raxd8 17. Ra1 Be2 18. Rxd8 Rxd8 19. Bf4 Ba6 20. Bxc7 Rc8 21. Bf4 Bf6 22. Rd1 h6 23. a3 Nc2 24. h4 N2d4 25. Nxd4 Nxd4 26. Be3 Nc2 27. Bxa7 Bxc3 28. bxc3 Rxc3 29. Rd7 Nxa3 30. Bd5 Rc1+ 31. Kh2 Nb5 32. Bb6 Nc3 33. Bxf7+ Kh7 34. h5 Bd3 35. Rxd3 Rd1 36. Bg6+ Kg8 37. Rxc3 Rd6 38. Rc8+ Rd8 39. Rxd8# 1-0

[Event "Titled Tuesday intern op 27th Aug Late"]
[Site "Chess.com INT"]
[Date "2024.08.27"]
[Round "4"]
[White "Terry, Renato"]
[Black "Yang, Kaiqi"]
[Result "1-0"]
[WhiteElo "2514"]
[BlackElo "2481"]
[PlyCount "101"]
[GameId "2107989759399068"]
[EventDate "2024.08.27"]
[EventType "swiss (blitz)"]
[EventRounds "11"]
[EventCountry "USA"]
[SourceTitle "EXT 2025"]
[Source "ChessBase"]
[SourceDate "2024.10.14"]
[SourceVersion "1"]
[SourceVersionDate "2024.10.14"]
[SourceQuality "1"]

1. e4 c6 2. Nf3 d5 3. d3 Bg4 4. h3 Bxf3 5. Qxf3 e6 6. g3 Nf6 7. Bg2 Nbd7 8. O-O Be7 9. Qe2 O-O 10. Nd2 a5 11. e5 Ne8 12. h4 a4 13. a3 Qc7 14. Re1 b5 15. h5 h6 16. Nf1 Rb8 17. Nh2 c5 18. Ng4 Kh7 19. Bf4 b4 20. axb4 Rxb4 21. c3 Rb3 22. Rxa4 Qb6 23. Ra2 Nc7 24. Qd2 Rb8 25. Re2 Bf8 26. Qe3 Ra8 27. Rxa8 Nxa8 28. Qf3 Kg8 29. Bc1 Nc7 30. Qf4 Ne8 31. Re3 Qa6 32. Rf3 f5 33. exf6 Nexf6 34. Nxf6+ Nxf6 35. Qe5 Ng4 36. Qf4 Nf6 37. Bh3 Rb6 38. Kh2 Qa1 39. Qc7 Ra6 40. Bxh6 Ra7 41. Qe5 Kh7 42. Bg5 Qd1 43. Rf4 Ra1 44. Bg2 Qg1+ 45. Kh3 Bd6 46. Qxd6 Nxh5 47. Rh4 g6 48. Qe7+ Kg8 49. Qxe6+ Kf8 50. Bh6+ Ng7 51. Rf4# 1-0

[Event "Titled Tuesday intern op 27th Aug Late"]
[Site "Chess.com INT"]
[Date "2024.08.27"]
[Round "11"]
[White "Novik, Maxim"]
[Black "Yang, Kaiqi"]
[Result "0-1"]
[WhiteElo "2411"]
[BlackElo "2481"]
[PlyCount "146"]
[GameId "2107989759449337"]
[EventDate "2024.08.27"]
[EventType "swiss (blitz)"]
[EventRounds "11"]
[EventCountry "USA"]
[SourceTitle "EXT 2025"]
[Source "ChessBase"]
[SourceDate "2024.10.14"]
[SourceVersion "1"]
[SourceVersionDate "2024.10.14"]
[SourceQuality "1"]

1. e4 c6 2. d4 d5 3. e5 Bf5 4. h4 h5 5. Bd3 Bxd3 6. Qxd3 Qa5+ 7. b4 Qxb4+ 8. Nd2 e6 9. Rb1 Qe7 10. c4 Nh6 11. Ne2 Nf5 12. Nf3 Qd7 13. Ng3 dxc4 14. Qxc4 Na6 15. Nxf5 exf5 16. O-O b5 17. Qe2 Nc7 18. Bg5 Be7 19. Rfc1 Ne6 20. Qc2 Bxg5 21. hxg5 Rc8 22. Rxb5 O-O 23. Rb4 g6 24. Rc4 Rfd8 25. Rxc6 Rxc6 26. Qxc6 Qxc6 27. Rxc6 Nxd4 28. Nxd4 Rxd4 29. Rc8+ Kg7 30. Rc7 Re4 31. f4 a5 32. g3 Kf8 33. Rc8+ Kg7 34. Kf2 Ra4 35. Rc2 h4 36. Kg2 hxg3 37. Kxg3 Ra3+ 38. Kg2 Kf8 39. Rc8+ Ke7 40. Rc7+ Ke6 41. Rc6+ Kd5 42. Rf6 Ke4 43. Rxf7 Kxf4 44. e6 Rxa2+ 45. Kf1 Ra4 46. Ra7 Re4 47. e7 Kxg5 48. Kf2 a4 49. Kf3 Kf6 50. Ra6+ Kxe7 51. Rxg6 Kf7 52. Ra6 Ke7 53. Kg3 Rb4 54. Kf3 Kf7 55. Kg3 Ke7 56. Kf3 Kd7 57. Kg3 Kc7 58. Rf6 Rb5 59. Ra6 Rb4 60. Rf6 Kb7 61. Rxf5 Kb6 62. Rf8 Kc5 63. Kf3 Kd4 64. Ke2 Kc3 65. Rc8+ Kb2 66. Kd2 a3 67. Rc2+ Kb1 68. Rc1+ Kb2 69. Rc2+ Kb3 70. Rc3+ Ka4 71. Rh3 a2 72. Rh8 Ka3 73. Rh3+ Kb2 0-1

[Event "Titled Tuesday intern op 03rd Sep Early"]
[Site "Chess.com INT"]
[Date "2024.09.03"]
[Round "2"]
[White "Hoffmann, Asa"]
[Black "Yang, Kaiqi"]
[Result "0-1"]
[WhiteElo "2185"]
[BlackElo "2481"]
[PlyCount "80"]
[GameId "2107989759718450"]
[EventDate "2024.09.03"]
[EventType "swiss (blitz)"]
[EventRounds "11"]
[EventCountry "USA"]
[SourceTitle "EXT 2025"]
[Source "ChessBase"]
[SourceDate "2024.10.14"]
[SourceVersion "1"]
[SourceVersionDate "2024.10.14"]
[SourceQuality "1"]

1. d4 Nf6 2. Bg5 Ne4 3. Bf4 c5 4. f3 Nf6 5. dxc5 Qa5+ 6. Nc3 Qxc5 7. e4 d6 8. Qd2 g6 9. Be3 Qc7 10. Nb5 Qd8 11. Nxa7 Bg7 12. Nxc8 Qxc8 13. Bb5+ Nbd7 14. Ne2 O-O 15. O-O Ne5 16. b3 Nh5 17. c4 f5 18. exf5 Qxf5 19. Rad1 Kh8 20. h3 Nf6 21. Nd4 Qc8 22. a4 Nh5 23. g4 Nf6 24. Kg2 h5 25. Bh6 Kh7 26. Bxg7 Kxg7 27. g5 Nh7 28. f4 Nc6 29. Bxc6 bxc6 30. Rde1 e5 31. fxe5 Rxf1 32. Rxf1 dxe5 33. Ne2 Qe6 34. Rd1 Ra7 35. Qd6 Qf5 36. Ng3 Qxg5 37. Re1 Re7 38. Kh2 h4 39. Ne4 Qf4+ 40. Kh1 Rf7 0-1

[Event "Titled Tuesday intern op 03rd Sep Early"]
[Site "Chess.com INT"]
[Date "2024.09.03"]
[Round "4"]
[White "Yang, Kaiqi"]
[Black "Rustemov, Alexander"]
[Result "1-0"]
[WhiteElo "2481"]
[BlackElo "2525"]
[PlyCount "87"]
[GameId "2107989759752063"]
[EventDate "2024.09.03"]
[EventType "swiss (blitz)"]
[EventRounds "11"]
[EventCountry "USA"]
[SourceTitle "EXT 2025"]
[Source "ChessBase"]
[SourceDate "2024.10.14"]
[SourceVersion "1"]
[SourceVersionDate "2024.10.14"]
[SourceQuality "1"]

1. e4 e6 2. d4 d5 3. e5 c5 4. c3 Qb6 5. Nf3 Bd7 6. Be2 cxd4 7. cxd4 Bb5 8. Nc3 Bxe2 9. Qxe2 Nc6 10. Be3 Nge7 11. O-O Nf5 12. Rfc1 Be7 13. Na4 Qd8 14. Nc5 Bxc5 15. Rxc5 O-O 16. Rac1 Rc8 17. b4 Qd7 18. a3 b6 19. R5c3 Nce7 20. g4 Nxe3 21. fxe3 Rxc3 22. Rxc3 Rc8 23. Qc2 Rxc3 24. Qxc3 h6 25. Kf2 Kf8 26. h4 Ke8 27. h5 Kd8 28. Qc2 Qe8 29. Qh7 Qg8 30. Qd3 Kc7 31. a4 Kb7 32. a5 bxa5 33. bxa5 Nc6 34. Qb5+ Kc7 35. Qc5 Qb8 36. g5 Qb2+ 37. Kg3 hxg5 38. Qd6+ Kb7 39. Qd7+ Ka6 40. Qxc6+ Kxa5 41. Qc5+ Ka6 42. Qd6+ Kb5 43. Qb8+ Kc4 44. Qxb2 1-0

[Event "Titled Tuesday intern op 03rd Sep Early"]
[Site "Chess.com INT"]
[Date "2024.09.03"]
[Round "5"]
[White "Onyshchuk, Volodymyr"]
[Black "Yang, Kaiqi"]
[Result "1/2-1/2"]
[WhiteElo "2610"]
[BlackElo "2481"]
[PlyCount "138"]
[GameId "2107989759760465"]
[EventDate "2024.09.03"]
[EventType "swiss (blitz)"]
[EventRounds "11"]
[EventCountry "USA"]
[SourceTitle "EXT 2025"]
[Source "ChessBase"]
[SourceDate "2024.10.14"]
[SourceVersion "1"]
[SourceVersionDate "2024.10.14"]
[SourceQuality "1"]

1. e4 c6 2. Nf3 d5 3. d3 dxe4 4. dxe4 Qxd1+ 5. Kxd1 Bg4 6. Nbd2 Nd7 7. h3 Bxf3+ 8. Nxf3 e5 9. c3 Bc5 10. Ke1 Ngf6 11. Bd3 O-O-O 12. Ke2 a5 13. Bc2 Rhe8 14. a3 Bb6 15. b4 Nf8 16. Nd2 Bc7 17. Nc4 a4 18. Be3 b5 19. Nb6+ Kb7 20. Nxa4 bxa4 21. f3 Ra8 22. Rad1 Ne6 23. g3 Bb6 24. Bc1 Red8 25. Rxd8 Bxd8 26. Rd1 Bb6 27. Bb1 Nc7 28. Ba2 Nb5 29. Bb2 Rf8 30. Bb1 Kc7 31. Bc2 Ra8 32. f4 Nd7 33. Kf3 f6 34. Bd3 Rd8 35. Bc2 Ra8 36. Bd3 Ba7 37. Kg2 Nb6 38. c4 Nd4 39. c5 Nd7 40. Bc4 Rd8 41. Bxd4 exd4 42. Rxd4 Nxc5 43. Rxd8 Kxd8 44. bxc5 Bxc5 45. Bd3 Bxa3 46. Bc2 Bc1 47. Bxa4 c5 48. Bb3 Ke7 49. Bg8 h6 50. Kf3 Kd6 51. Bc4 Ke7 52. h4 Bd2 53. Kg4 Be1 54. Kf3 Kd6 55. h5 Ke7 56. g4 Kd6 57. g5 Bd2 58. gxf6 gxf6 59. Kg4 Ke7 60. Kf5 Bc1 61. Be2 Bd2 62. Bd1 Bc1 63. Be2 Bd2 64. e5 fxe5 65. Kxe5 Bc3+ 66. Kf5 Bd2 67. Ke4 Kf6 68. Bc4 Bc1 69. Kf3 Bd2 1/2-1/2

[Event "Titled Tuesday intern op 03rd Sep Early"]
[Site "Chess.com INT"]
[Date "2024.09.03"]
[Round "6"]
[White "Yang, Kaiqi"]
[Black "Moroni, Luca Jr"]
[Result "0-1"]
[WhiteElo "2481"]
[BlackElo "2558"]
[PlyCount "124"]
[GameId "2107989759777213"]
[EventDate "2024.09.03"]
[EventType "swiss (blitz)"]
[EventRounds "11"]
[EventCountry "USA"]
[SourceTitle "EXT 2025"]
[Source "ChessBase"]
[SourceDate "2024.10.14"]
[SourceVersion "1"]
[SourceVersionDate "2024.10.14"]
[SourceQuality "1"]

1. d4 g6 2. e4 Bg7 3. c4 d6 4. Nc3 c5 5. d5 Bxc3+ 6. bxc3 e5 7. h4 Qe7 8. h5 Kd7 9. Nf3 Kc7 10. Rb1 Nf6 11. hxg6 fxg6 12. Bg5 Qg7 13. Bh6 Qf7 14. Ng5 Qe7 15. Be2 Ng8 16. Qd2 Nxh6 17. Rxh6 Qg7 18. Kd1 b5 19. cxb5 Kb6 20. Ne6 Qe7 21. Bc4 Nd7 22. a4 Nf6 23. a5+ Kb7 24. f3 Rb8 25. Kc2 Bd7 26. b6 Bxe6 27. dxe6 axb6 28. Rxb6+ Kc7 29. Rh1 Rxb6 30. axb6+ Kxb6 31. Rb1+ Kc7 32. Qc1 Rb8 33. Rxb8 Kxb8 34. Qa3 Qb7 35. Qa5 Qc7 36. Qb5+ Kc8 37. Bd5 Kd8 38. Qa6 Qb8 39. Qc6 Ke7 40. g4 h6 41. Kd3 Qa7 42. Qb5 Qc7 43. Qa6 c4+ 44. Kc2 Qb8 45. Qa5 Qb3+ 46. Kc1 Qb8 47. Kc2 h5 48. gxh5 gxh5 49. Qa4 h4 50. Qxc4 h3 51. Qf1 Qh8 52. Qh1 h2 53. Kd3 Qh4 54. Ke2 Qg3 55. f4 exf4 56. e5 dxe5 57. c4 e4 58. Bxe4 Qe3+ 59. Kf1 Nxe4 60. Qxh2 Nd2+ 61. Kg2 Qf3+ 62. Kg1 Qf1# 0-1

[Event "Titled Tuesday intern op 03rd Sep Early"]
[Site "Chess.com INT"]
[Date "2024.09.03"]
[Round "10"]
[White "Matveeva, Olga"]
[Black "Yang, Kaiqi"]
[Result "1-0"]
[WhiteElo "2196"]
[BlackElo "2481"]
[PlyCount "97"]
[GameId "2107989759814938"]
[EventDate "2024.09.03"]
[EventType "swiss (blitz)"]
[EventRounds "11"]
[EventCountry "USA"]
[SourceTitle "EXT 2025"]
[Source "ChessBase"]
[SourceDate "2024.10.14"]
[SourceVersion "1"]
[SourceVersionDate "2024.10.14"]
[SourceQuality "1"]

1. d4 e6 2. c4 Nf6 3. g3 c5 4. d5 exd5 5. cxd5 d6 6. Nc3 g6 7. Bg2 Bg7 8. Nf3 O-O 9. O-O Re8 10. Nd2 a6 11. a4 Nbd7 12. h3 Nh5 13. a5 Rb8 14. Nc4 Ne5 15. Nb6 f5 16. e4 fxe4 17. Nxe4 Bf5 18. Ng5 Bd3 19. Ne6 Qf6 20. Bg5 Qf7 21. Re1 c4 22. Rc1 h6 23. Be3 Kh7 24. Bd4 Re7 25. Bxe5 Bxe5 26. Nxc4 Bxc4 27. Rxc4 Ng7 28. Nxg7 Kxg7 29. b3 Rbe8 30. Rce4 Bf6 31. Qd3 Rxe4 32. Rxe4 Rxe4 33. Qxe4 Qe7 34. Qe6 Qxe6 35. dxe6 Bd8 36. Bxb7 Bxa5 37. Bxa6 d5 38. Kg2 Kf6 39. Bc8 Bb6 40. f4 h5 41. Kf3 Bc5 42. g4 hxg4+ 43. hxg4 g5 44. fxg5+ Kxg5 45. Ke2 Be7 46. Kf3 Bd6 47. Bb7 d4 48. Be4 Kf6 49. Bf5 1-0

[Event "Titled Tuesday intern op 03rd Sep Late"]
[Site "Chess.com INT"]
[Date "2024.09.03"]
[Round "1"]
[White "Kopacz, Grzegorz"]
[Black "Yang, Kaiqi"]
[Result "0-1"]
[WhiteElo "1998"]
[BlackElo "2481"]
[PlyCount "60"]
[GameId "2107989759831732"]
[EventDate "2024.09.03"]
[EventType "swiss (blitz)"]
[EventRounds "11"]
[EventCountry "USA"]
[SourceTitle "EXT 2025"]
[Source "ChessBase"]
[SourceDate "2024.10.14"]
[SourceVersion "1"]
[SourceVersionDate "2024.10.14"]
[SourceQuality "1"]

1. e4 c5 2. c4 Nc6 3. g3 g6 4. Bg2 Bg7 5. Nc3 d6 6. d3 Nf6 7. Nge2 O-O 8. O-O Rb8 9. a4 b6 10. h3 Nb4 11. Kh2 e6 12. f4 Bb7 13. Be3 d5 14. cxd5 exd5 15. e5 d4 16. Bxd4 Bxg2 17. Kxg2 cxd4 18. exf6 Bxf6 19. Ne4 Nd5 20. Qb3 Ne3+ 21. Kh2 Nxf1+ 22. Rxf1 Bg7 23. f5 Be5 24. fxg6 hxg6 25. Nf4 Kg7 26. Ng5 Qxg5 27. h4 Qg4 28. Qd5 Rbe8 29. h5 Bxf4 30. Rxf4 Re2+ 0-1

[Event "Titled Tuesday intern op 03rd Sep Late"]
[Site "Chess.com INT"]
[Date "2024.09.03"]
[Round "2"]
[White "Shankland, Samuel L"]
[Black "Yang, Kaiqi"]
[Result "1-0"]
[WhiteElo "2677"]
[BlackElo "2481"]
[PlyCount "61"]
[GameId "2107989759844314"]
[EventDate "2024.09.03"]
[EventType "swiss (blitz)"]
[EventRounds "11"]
[EventCountry "USA"]
[SourceTitle "EXT 2025"]
[Source "ChessBase"]
[SourceDate "2024.10.14"]
[SourceVersion "1"]
[SourceVersionDate "2024.10.14"]
[SourceQuality "1"]

1. c4 e6 2. g3 f5 3. Bg2 Nf6 4. Nc3 d5 5. cxd5 exd5 6. Nf3 c6 7. O-O Bd6 8. d3 O-O 9. e4 fxe4 10. dxe4 Bg4 11. exd5 Kh8 12. h3 Bh5 13. Bg5 h6 14. Bxf6 Qxf6 15. Ne4 Bxf3 16. Bxf3 Qxf3 17. Qxf3 Rxf3 18. Nxd6 cxd5 19. Rad1 Nc6 20. Rxd5 Nb4 21. Rb5 Nd3 22. Rxb7 Raf8 23. Ne4 Re8 24. Kg2 Rff8 25. Rd1 Nxb2 26. Rd4 Nd3 27. Rxd3 Rxe4 28. Rxa7 Re2 29. Rf3 Rxf3 30. Kxf3 Kh7 31. Kxe2 1-0

[Event "Titled Tuesday intern op 03rd Sep Late"]
[Site "Chess.com INT"]
[Date "2024.09.03"]
[Round "3"]
[White "Yang, Kaiqi"]
[Black "Bueno, Alfeu Varela Jr"]
[Result "0-1"]
[WhiteElo "2481"]
[BlackElo "2209"]
[PlyCount "106"]
[GameId "2107989759852764"]
[EventDate "2024.09.03"]
[EventType "swiss (blitz)"]
[EventRounds "11"]
[EventCountry "USA"]
[SourceTitle "EXT 2025"]
[Source "ChessBase"]
[SourceDate "2024.10.14"]
[SourceVersion "1"]
[SourceVersionDate "2024.10.14"]
[SourceQuality "1"]

1. d4 e6 2. e4 d5 3. e5 c5 4. c3 Nc6 5. Nf3 Bd7 6. Be2 Nge7 7. dxc5 Ng6 8. b4 Ngxe5 9. Nbd2 Qf6 10. Rb1 Nxf3+ 11. Nxf3 Qxc3+ 12. Bd2 Qf6 13. O-O Nd4 14. Nxd4 Qxd4 15. Qc2 Be7 16. Rfd1 Qh4 17. g3 Qh3 18. Bf1 Qh5 19. Bc3 O-O 20. Be2 Qh3 21. Rd4 Bf6 22. Rg4 e5 23. Qd1 h5 24. Rh4 Bxh4 25. gxh4 Qxc3 26. Bxh5 Bf5 27. Rb3 Qd4 28. Qe2 g6 29. Rg3 Qxh4 30. Bf3 e4 31. Bg2 Rad8 32. b5 d4 33. c6 bxc6 34. bxc6 d3 35. Qd2 Kg7 36. Qc3+ Qf6 37. Qd2 Qa1+ 38. Bf1 Rh8 39. Qg5 Qf6 40. Qd2 Rh5 41. h3 Qe6 42. c7 Rc8 43. Qc3+ Qf6 44. Qb4 Rxc7 45. Qb8 Re7 46. Qb1 e3 47. fxe3 d2 48. Qd1 Qc3 49. Qxh5 Rxe3 50. Rg2 Qc1 51. Qg5 Qxf1+ 52. Kxf1 d1=Q+ 53. Kf2 Qe1# 0-1

[Event "Titled Tuesday intern op 03rd Sep Late"]
[Site "Chess.com INT"]
[Date "2024.09.03"]
[Round "5"]
[White "Mazurkiewicz, Michal"]
[Black "Yang, Kaiqi"]
[Result "0-1"]
[WhiteElo "2224"]
[BlackElo "2481"]
[PlyCount "54"]
[GameId "2107989759865378"]
[EventDate "2024.09.03"]
[EventType "swiss (blitz)"]
[EventRounds "11"]
[EventCountry "USA"]
[SourceTitle "EXT 2025"]
[Source "ChessBase"]
[SourceDate "2024.10.14"]
[SourceVersion "1"]
[SourceVersionDate "2024.10.14"]
[SourceQuality "1"]

1. e4 c6 2. d3 d5 3. Nd2 g6 4. Ngf3 Bg7 5. g3 Bg4 6. h3 Bxf3 7. Qxf3 Nd7 8. Bg2 e6 9. O-O Ne7 10. Qe2 O-O 11. Nf3 a5 12. e5 a4 13. a3 c5 14. c3 Nc6 15. d4 Qb6 16. Bf4 cxd4 17. cxd4 Nxd4 18. Nxd4 Qxd4 19. Qb5 Nxe5 20. Be3 Qd3 21. Qxb7 Rfb8 22. Qc7 Nc4 23. Bf4 Rc8 24. Qd7 Bxb2 25. Rad1 Qxa3 26. h4 Qc5 27. h5 Ra7 0-1

[Event "Titled Tuesday intern op 03rd Sep Late"]
[Site "Chess.com INT"]
[Date "2024.09.03"]
[Round "6"]
[White "Yang, Kaiqi"]
[Black "Andrews, Todd D"]
[Result "1-0"]
[WhiteElo "2481"]
[BlackElo "2165"]
[PlyCount "99"]
[GameId "2107989759877927"]
[EventDate "2024.09.03"]
[EventType "swiss (blitz)"]
[EventRounds "11"]
[EventCountry "USA"]
[SourceTitle "EXT 2025"]
[Source "ChessBase"]
[SourceDate "2024.10.14"]
[SourceVersion "1"]
[SourceVersionDate "2024.10.14"]
[SourceQuality "1"]

1. e4 e6 2. d3 d5 3. Nd2 Nf6 4. Ngf3 Nc6 5. c3 e5 6. b4 a6 7. Bb2 Be7 8. a3 O-O 9. Be2 Re8 10. O-O Bf8 11. Re1 h6 12. Qc2 Bg4 13. h3 Bh5 14. Bf1 Qd7 15. Be2 Rad8 16. Nf1 Bg6 17. Ng3 Nh5 18. Nxh5 Bxh5 19. Rad1 Bg6 20. Nh4 Bh7 21. Bg4 Qe7 22. Nf5 Bxf5 23. Bxf5 g6 24. exd5 Rxd5 25. Be4 Rd6 26. a4 Bg7 27. b5 axb5 28. axb5 Nd8 29. Ba3 f5 30. Bd5+ Kh7 31. c4 Qh4 32. Bxd6 cxd6 33. c5 dxc5 34. Qxc5 Ne6 35. Bxe6 Rxe6 36. Qd5 Re7 37. Rc1 h5 38. Rc8 Qf6 39. Rec1 h4 40. Rb8 e4 41. dxe4 fxe4 42. Rxb7 e3 43. fxe3 Rxe3 44. Rf1 Qb2 45. Kh1 Kh6 46. Qf7 Rg3 47. Qf4+ g5 48. Qe4 Kh5 49. Rb6 Be5 50. Qg6# 1-0

[Event "Titled Tuesday intern op 03rd Sep Late"]
[Site "Chess.com INT"]
[Date "2024.09.03"]
[Round "7"]
[White "Bryakin, Mikhail"]
[Black "Yang, Kaiqi"]
[Result "1-0"]
[WhiteElo "2438"]
[BlackElo "2481"]
[PlyCount "51"]
[GameId "2107989759877965"]
[EventDate "2024.09.03"]
[EventType "swiss (blitz)"]
[EventRounds "11"]
[EventCountry "USA"]
[SourceTitle "EXT 2025"]
[Source "ChessBase"]
[SourceDate "2024.10.14"]
[SourceVersion "1"]
[SourceVersionDate "2024.10.14"]
[SourceQuality "1"]

1. e4 c6 2. d4 d5 3. e5 Bf5 4. h4 h5 5. Bd3 Bxd3 6. Qxd3 Qa5+ 7. Nd2 e6 8. Ngf3 Nh6 9. O-O Nf5 10. c4 Be7 11. g3 dxc4 12. Nxc4 Qd5 13. Bg5 f6 14. Bf4 Nd7 15. Rad1 O-O-O 16. Rfe1 Nc5 17. Qe2 Na4 18. exf6 Bxf6 19. Qxe6+ Qxe6 20. Rxe6 Rhe8 21. Rxe8 Rxe8 22. d5 cxd5 23. Rxd5 g6 24. b3 Nb6 25. Rc5+ Kd8 26. Bc7+ 1-0

[Event "Titled Tuesday intern op 03rd Sep Late"]
[Site "Chess.com INT"]
[Date "2024.09.03"]
[Round "9"]
[White "Zhigalko, Sergei"]
[Black "Yang, Kaiqi"]
[Result "1-0"]
[WhiteElo "2572"]
[BlackElo "2481"]
[PlyCount "81"]
[GameId "2107989759902989"]
[EventDate "2024.09.03"]
[EventType "swiss (blitz)"]
[EventRounds "11"]
[EventCountry "USA"]
[SourceTitle "EXT 2025"]
[Source "ChessBase"]
[SourceDate "2024.10.14"]
[SourceVersion "1"]
[SourceVersionDate "2024.10.14"]
[SourceQuality "1"]

1. e4 c6 2. d4 d5 3. e5 Bf5 4. Nf3 e6 5. Be2 c5 6. Be3 cxd4 7. Nxd4 Ne7 8. Nd2 Nbc6 9. N2f3 Bg4 10. O-O g6 11. Nb5 Nf5 12. Bg5 Be7 13. Bxe7 Qxe7 14. Re1 O-O 15. Bd3 Nh4 16. Be2 Bxf3 17. Bxf3 a6 18. Nc3 Qg5 19. g3 Nxf3+ 20. Qxf3 Nxe5 21. Qe2 Nc4 22. Nd1 Rac8 23. c3 Rfe8 24. h4 Qf6 25. Rc1 h5 26. Rc2 b5 27. Qd3 Ne5 28. Rxe5 Qxe5 29. Re2 Qf5 30. Qd2 b4 31. cxb4 Qb1 32. Kg2 Qxa2 33. Re5 d4 34. Qh6 Qb1 35. Rg5 Qe4+ 36. f3 Qe2+ 37. Nf2 Qc2 38. Qxh5 Re7 39. Qh6 d3 40. h5 d2 41. hxg6 1-0

[Event "Titled Tuesday intern op 03rd Sep Late"]
[Site "Chess.com INT"]
[Date "2024.09.03"]
[Round "11"]
[White "Nunez V, Gustavo Eduardo"]
[Black "Yang, Kaiqi"]
[Result "0-1"]
[WhiteElo "2226"]
[BlackElo "2481"]
[PlyCount "106"]
[GameId "2107989759911401"]
[EventDate "2024.09.03"]
[EventType "swiss (blitz)"]
[EventRounds "11"]
[EventCountry "USA"]
[SourceTitle "EXT 2025"]
[Source "ChessBase"]
[SourceDate "2024.10.14"]
[SourceVersion "1"]
[SourceVersionDate "2024.10.14"]
[SourceQuality "1"]

1. e4 c5 2. Nf3 d6 3. d4 cxd4 4. Nxd4 Nf6 5. Nc3 a6 6. Bd3 g6 7. O-O Bg7 8. Be3 O-O 9. a4 Nc6 10. Nb3 Ng4 11. Bd2 Be6 12. Nd5 Rc8 13. c3 Nce5 14. Be2 h5 15. h3 Bxd5 16. exd5 Nf6 17. Be3 Nc4 18. Bc1 Qd7 19. Nd2 Nb6 20. c4 a5 21. Rb1 Qf5 22. b3 Nbd7 23. Bb2 Nc5 24. Nf3 Nfe4 25. Nd4 Qg5 26. Bf3 Qh4 27. Ba1 Ng5 28. Be2 Be5 29. Nb5 Bxa1 30. Rxa1 Nge4 31. Rb1 Qf6 32. Bf3 Nc3 33. Nxc3 Qxc3 34. Qe2 Qf6 35. Rfe1 Rfe8 36. Be4 Kg7 37. Bc2 h4 38. Qe3 e5 39. dxe6 Rxe6 40. Qd2 Rce8 41. Rxe6 Rxe6 42. Qxa5 Re2 43. Rf1 Rxc2 44. b4 Nd3 45. Qd5 Nxf2 46. c5 dxc5 47. bxc5 Qf4 48. Qb3 Nxh3+ 49. Qxh3 Qg5 50. Qf3 Qxc5+ 51. Kh1 Qf5 52. Qd1 Qe4 53. Qd7 Qxg2# 0-1